000 00842nam a22002297a 4500
999 _c2614
_d2614
003 AR-CdUCM
008 190305b ||||| |||| 00| 0 spa d
040 _aMUNICIPALIDAD PROVINCIAL DEL CUSCO
_cBIBLIOTECA MUNICIPAL DEL CUSCO
082 _a868.91 /
_bG91H
100 _aGuillén, Edmundo
_96425
245 _aHuascar, Inca Trágico /
260 _aLima :
_bPopulibros peruanos,
_c !954.
300 _a77 Páginas ;
_c20 cm.
505 _aContenido: Thupa Kusi Wallpaq, el príncipe electo -- La muerte de Huayna Cápac y la supuesta división del imperio -- La coronación de Thupa Kusi Wallpaq -- El imperio de Huascar Inca...
650 _aHistoria Inca
_99202
650 _aHistoria del Perú
_9259
650 _aHuascar
_94981
650 _aAtahuallpa
_99203
650 _aGuerra civil
_91772
942 _2ddc
_cLIBROS
945 _adavv